Statistics for Copacabana (At the Copa) - Barry Manilow (Missing Lyrics)

Click here to take the quiz!

General Stats

  • This quiz has been taken 311 times
  • The average score is 30 of 38

Answer Stats

LyricsMissing% Correct
Her name was ___, she was a showgirlLola
100%
At the ___, Copacabanacopa
93%
At the copa.... they fell in ___love
93%
At the ___, Copacabanacopa
92%
The hottest spot north of ___Havana
91%
Who could ask for ___?more
91%
___ and passion were always the fashionMusic
90%
She would merengue and do the ___-___cha-cha
89%
And while she tried to be a ___, Tony always tended barstar
87%
But Rico went a bit to far, Tony sailed across the ___bar
86%
His name was ___, he wore a diamondRico
86%
At the copa, ___Copacabana
85%
But just who ___ whoshot
84%
At the copa, ___Copacabana
83%
With yellow ___ in her hair and a dress cut down to therefeathers
83%
The ___ spot north of Havanahottest
83%
Music and ___ were always the fashionpassion
82%
Her name is Lola, she was a ___showgirl
82%
And when she finished, he ___ her overcalled
81%
He was escorted to his chair, he saw Lola ___ theredancing
78%
Across the crowded floor, they ___ from 8 til 4worked
78%
They were ___ and they had each otheryoung
78%
At te copa... she ___ her lovelost
77%
Faded feathers in her ___hair
76%
And then the punches flew and ___ were smashed in twochairs
74%
Still in the ___ she used to weardress
72%
___ the copa, CopacabanaAt
70%
There was ___ and a single gun shotblood
69%
The hottest spot ___ of Havananorth
69%
But that was ___ years ago, when they used to have a show30
68%
___ the copa, CopacabanaAt
67%
Now she's lost her ___mind
67%
Music and passion were always the ___fashion
66%
Now it's a ___, but not for Loladisco
65%
She sits there so refined, and ___ herself half-blinddrinks
64%
At the copa... ___ fall in lovedon't
55%
___ fall in loveDon't
53%
She lost her ___ and she lost her Tonyyouth
50%

Score Distribution

Percentile by Number Answered

Percent of People with Each Score

Your Score History

You have not taken this quiz